Library Banner

Home fires : An intimate portrait of one middle-class famil (Record no. 8610)

MARC details
000 -LEADER
fixed length control field 00459nam a2200181Ia 4500
001 - CONTROL NUMBER
control field 7148
008 - FIXED-LENGTH DATA ELEMENTS--GENERAL INFORMATION
fixed length control field 140321s9999 xx 000 0 und d
020 ## - INTERNATIONAL STANDARD BOOK NUMBER
International Standard Book Number 0-06-019009-4
040 ## - CATALOGING SOURCE
Transcribing agency PK-LaUMT
082 ## - DEWEY DECIMAL CLASSIFICATION NUMBER
Classification number 306.850973
Item number KAT-H
100 ## - MAIN ENTRY--PERSONAL NAME
Personal name Katz, Donald
245 ## - TITLE STATEMENT
Title Home fires : An intimate portrait of one middle-class famil
Statement of responsibility, etc Katz, Donald
260 ## - PUBLICATION, DISTRIBUTION, ETC. (IMPRINT)
Date of publication, distribution, etc 1992
300 ## - PHYSICAL DESCRIPTION
Extent 619 p.
546 ## - LANGUAGE NOTE
Language note EN
650 ## - SUBJECT ADDED ENTRY--TOPICAL TERM
Topical term or geographic name as entry element Family-United States-History
942 ## - ADDED ENTRY ELEMENTS (KOHA)
Koha item type Books
Holdings
Withdrawn status Lost status Damaged status Not for loan Home library Current library Date acquired Total Checkouts Full call number Barcode Date last seen Price effective from Koha item type
        UMT Main Campus UMT Main Campus 2014-03-21   306.850973 KAT-H 7999 2014-03-21 2014-03-21 Books